Responses for Show #1887 - Tuesday, November 17, 1992

1992 Tournament of Champions semifinal game 2.

Contestants

[<< previous game]

Leonard Schmidt, an optometrist and 1992 Seniors Tournament champion from Pittsburgh, Pennsylvania

Robert Slaven, an office automation specialist from Yellowknife, Northwest Territories, Canada

Jerome Vered, a writer from Studio City, California

[next game >>]

Jeopardy! Round responses

HISTORY
MYSTERIES
CHAMPIONS
POLITICAL TERMS
SAMS & SAMUELS
EPONYMS
    $100 1
William the Conqueror

Jerome
    $100 26
Fall

Leonard
    $100 6
Chicago Bulls

Robert
    $100 11
Woodrow Wilson

Robert
    $100 21
Samuel Morse

Leonard
    $100 16
Phillips Screwdriver

Robert
    $200 2
Louis XIV

Jerome
    $200 27
Ripley

Jerome
    $200 7
(Robert: Who is Courier?)

Andre Agassi

RobertLeonard
    $200 12
The Stuarts

Jerome
    $200 22
Sam Shepard

Robert
    $200 17
Mae West

Robert
    $300 3
Caligula

Jerome
    $300 28
Agatha Christie

Leonard
    $300 8
(Jerome: Who is Seattle Slew?)

Secretariat

JeromeLeonard
    $300 13
nuclear weapons

Jerome
    $300 23
Samuel Taylor Coleridge

Leonard
    $300 18
(Leonard: What's a jeroboam?)

Nebuchadnezzar

RobertLeonard
    $400 4
Giovanni da Verrazzano

Jerome
    $1,000 29
(Leonard: Who is Martin Chuzzlewit?)

Edwin Drood

Leonard
    $400 9
Garry Kasparov

Robert
    $400 14
Tory

Robert
    $400 24
Samuel Adams

Jerome
    $400 19
Camellia

Jerome
    $500 5
The Saar

Robert
    $500 30
Lady Antonia Fraser

Triple Stumper
    $500 10
Sumo Wrestling

Robert
    $500 15
Fifth Column

Jerome
    $500 25
Sam Nunn

Robert
    $500 20
Robert Peel

Leonard

Scores at the first commercial break (after clue 15):

Jerome Robert Leonard
$1,700 $1,800 $500

Scores at the end of the Jeopardy! Round:

Jerome Robert Leonard
$2,700 $3,100 $500

Double Jeopardy! Round responses

COLONIAL AMERICA
HEALTH & MEDICINE
WORLD CAPITALS
EDUCATION
DRAMA
RUSSIAN RULERS
    $200 24
Manhattan

Jerome
    $200 1
Ether

Leonard
    $200 6
Brussels

Jerome
    $200 14
Boston

Jerome
    $200 11
"Equus"

Leonard
    $200 18
Serfs

Jerome
    $400 27
Connecticut

Jerome
    $400 2
Asbestos

Jerome
    $400 7
Caracas, Venezuela

Robert
    $400 15
Junior/Community Colleges

Jerome
    $400 12
Thornton Wilder

Jerome
    $400 19
(Leonard: What is St. Petersburg?)

Moscow

JeromeLeonard
    $600 28
Maryland

Jerome
    $1,500 3
Smallpox

Jerome
    $600 8
(Jerome: What is Benghazi?)

Tripoli

JeromeLeonard
    $600 23
Brahmins

Leonard
    $600 13
Mame (Auntie Mame accepted)

Robert
    $600 20
Romanov

Jerome
    $800 29
Delaware

Robert
    $800 4
ophthalmoscope

Leonard
    $800 9
Kabul

Robert
    $800 25
Maria Montessori

Jerome
    $800 16
Ah, Wilderness!

Jerome
    $800 21
Catherine the Great

Robert
    $1000 30
John Winthrop

Leonard
    $1000 5
axial tomography

Robert
    $1000 10
Colombo

Jerome
    $1000 26
Suzuki Method

Robert
    $2,000 17
"Lysistrata"

Jerome
    $1000 22
Paris

Jerome

Scores at the end of the Double Jeopardy! Round:

Jerome Robert Leonard
$13,200 $8,500 $3,500

[wagering suggestions for these scores]

Final Jeopardy! Round responses

NEWSPAPERS
(Alex: These guys gave you a good run for your money, believe me!)
LeonardWhat is The Atlanta Constitution?
$3,500
RobertWhat is the Stars and Stripes?
$8,500
JeromeWhat is Stars and Stripes?
$3,801
Stars and Stripes

Final scores:

Jerome Robert Leonard
$17,001 $17,000 $0
Finalist 2nd place: $5,000 + Jeopardy!/Wheel of Fortune video games for Super NES/Sega Genesis + Jeopardy! Challenge book 3rd place: $5,000 + Jeopardy!/Wheel of Fortune video games for Super NES/Sega Genesis + Jeopardy! Challenge book

Game dynamics:

Coryat scores:

Jerome Robert Leonard
$11,300 $8,500 $4,500
27 R
(including 2 DDs),
2 W
18 R,
1 W
13 R,
3 W
(including 1 DD)

Combined Coryat: $24,300

[game] [game scores] [suggest correction]

Game tape date: 1992-10-19
The J! Archive is created by fans, for fans. Scraping, republication, monetization, and malicious use prohibited; this site may use cookies and collect identifying information. See terms. The Jeopardy! game show and all elements thereof, including but not limited to copyright and trademark thereto, are the property of Jeopardy Productions, Inc. and are protected under law. This website is not affiliated with, sponsored by, or operated by Jeopardy Productions, Inc. Join the discussion at JBoard.tv.